| 000 | 00700nam a2200193 i 4500 | ||
|---|---|---|---|
| 001 | 9540 | ||
| 003 | ES-MaACL | ||
| 005 | 20230906145711.0 | ||
| 007 | t| | ||
| 008 | 931008s1993 sp ||||1| spa d | ||
| 020 | _a84-87899-12-9 | ||
| 080 | _a368.21:629.11 | ||
| 100 | 1 |
_aSaura Calixto, Diego. _9103999 |
|
| 245 | 1 | 0 |
_aSeguro de responsabilidad civil del automovil, de suscripción obligatoria _b: adaptación del derecho español a la normativa comunitaria / _cDiego Saura Calixto. |
| 260 |
_aMadrid : _bCentro de Estudios del Seguro, _cD.L. 1993. |
||
| 300 |
_a665 p. ; _c24 cm. |
||
| 650 | 1 | 4 |
_aSeguros de automoviles. _917027 |
| 852 |
_aES-MaACL _jL-16797 _bR.121779 _q. - Ded. autógr. del autor |
||
| 999 |
_c9540 _d9540 |
||